Soft Computing Applications and Intelligent Systems Second International Multi-Conference on Artificial Intelligence Technology, M-CAIT 2013, Shah Alam, August 28-29, 2013. Proceedings /

This book constitutes the refereed proceedings of the International Second International Multi-Conference on Artificial Intelligence Technology, M-CAIT 2013, held in Shah Alam, in August 2013. The 25 revised full papers presented were carefully reviewed and selected from 110 submissions. M-CAIT 2013...

Full description

Bibliographic Details
Corporate Author: SpringerLink (Online service)
Other Authors: Noah, Shahrul Azman (Editor), Abdullah, Azizi (Editor), Arshad, Haslina (Editor), Abu Bakar, Azuraliza (Editor), Othman, Zulaiha Ali (Editor), Sahran, Shahnorbanun (Editor), Omar, Nazlia (Editor), Othman, Zalinda (Editor)
Format: Electronic eBook
Language:English
Published: Berlin, Heidelberg : Springer Berlin Heidelberg : Imprint: Springer, 2013.
Series:Communications in Computer and Information Science, 378
Subjects:
Online Access:Full Text via HEAL-Link
LEADER 03395nam a22006135i 4500
001 978-3-642-40567-9
003 DE-He213
005 20151109192041.0
007 cr nn 008mamaa
008 130816s2013 gw | s |||| 0|eng d
020 |a 9783642405679  |9 978-3-642-40567-9 
024 7 |a 10.1007/978-3-642-40567-9  |2 doi 
040 |d GrThAP 
050 4 |a Q334-342 
050 4 |a TJ210.2-211.495 
072 7 |a UYQ  |2 bicssc 
072 7 |a TJFM1  |2 bicssc 
072 7 |a COM004000  |2 bisacsh 
082 0 4 |a 006.3  |2 23 
245 1 0 |a Soft Computing Applications and Intelligent Systems  |h [electronic resource] :  |b Second International Multi-Conference on Artificial Intelligence Technology, M-CAIT 2013, Shah Alam, August 28-29, 2013. Proceedings /  |c edited by Shahrul Azman Noah, Azizi Abdullah, Haslina Arshad, Azuraliza Abu Bakar, Zulaiha Ali Othman, Shahnorbanun Sahran, Nazlia Omar, Zalinda Othman. 
264 1 |a Berlin, Heidelberg :  |b Springer Berlin Heidelberg :  |b Imprint: Springer,  |c 2013. 
300 |a XX, 303 p. 86 illus.  |b online resource. 
336 |a text  |b txt  |2 rdacontent 
337 |a computer  |b c  |2 rdamedia 
338 |a online resource  |b cr  |2 rdacarrier 
347 |a text file  |b PDF  |2 rda 
490 1 |a Communications in Computer and Information Science,  |x 1865-0929 ;  |v 378 
505 0 |a Pattern recognition -- Data mining and optimization -- Knowledge technology -- Industrial computing. 
520 |a This book constitutes the refereed proceedings of the International Second International Multi-Conference on Artificial Intelligence Technology, M-CAIT 2013, held in Shah Alam, in August 2013. The 25 revised full papers presented were carefully reviewed and selected from 110 submissions. M-CAIT 2013 hosted four special tracks in a single event: Intelligence Computation on Pattern Analysis and Robotics (ICPAIR 2013), Data Mining and Optimization (DMO 2013), Semantic Technology and Information Retrieval (STAIR 2013) and Industrial Computing & Applied Informatics (IComp 2013). The papers address issues of state-of-the-art research, development, implementation and applications within the four focus areas in CAIT: pattern recognition, data mining and optimization, knowledge technology and industrial computing. 
650 0 |a Computer science. 
650 0 |a Data mining. 
650 0 |a Information storage and retrieval. 
650 0 |a Artificial intelligence. 
650 0 |a Computer graphics. 
650 1 4 |a Computer Science. 
650 2 4 |a Artificial Intelligence (incl. Robotics). 
650 2 4 |a Computer Imaging, Vision, Pattern Recognition and Graphics. 
650 2 4 |a Data Mining and Knowledge Discovery. 
650 2 4 |a Information Storage and Retrieval. 
700 1 |a Noah, Shahrul Azman.  |e editor. 
700 1 |a Abdullah, Azizi.  |e editor. 
700 1 |a Arshad, Haslina.  |e editor. 
700 1 |a Abu Bakar, Azuraliza.  |e editor. 
700 1 |a Othman, Zulaiha Ali.  |e editor. 
700 1 |a Sahran, Shahnorbanun.  |e editor. 
700 1 |a Omar, Nazlia.  |e editor. 
700 1 |a Othman, Zalinda.  |e editor. 
710 2 |a SpringerLink (Online service) 
773 0 |t Springer eBooks 
776 0 8 |i Printed edition:  |z 9783642405662 
830 0 |a Communications in Computer and Information Science,  |x 1865-0929 ;  |v 378 
856 4 0 |u http://dx.doi.org/10.1007/978-3-642-40567-9  |z Full Text via HEAL-Link 
912 |a ZDB-2-SCS 
950 |a Computer Science (Springer-11645)